| 000 | 00752nam a2200241 i 4500 | ||
|---|---|---|---|
| 001 | 15892 | ||
| 003 | ES-MaACL | ||
| 005 | 20251216163257.0 | ||
| 007 | t| | ||
| 008 | 000516s1999 sp ||||1| spa d | ||
| 020 | _a84-03-59576-X | ||
| 080 | _a929 Marcos, Subcomandante | ||
| 080 | _a323.27:316.343.64(727.4) | ||
| 100 | 0 |
_aVázquez Montalbán, Manuel, _d1939- _9113463 |
|
| 245 | 1 | 0 |
_aMarcos _b: el señor de los espejos / _cManuel Vázquez Montalbán. |
| 250 | _a1ª ed. | ||
| 260 |
_aMadrid : _bAguilar, _c1999. |
||
| 300 |
_a285 p. ; _c24 cm. |
||
| 600 | 0 | 4 |
_aMarcos, _csubcomandante _976517 |
| 651 | 4 |
_aChiapas- _xHistoria- _yRevuelta campesina, 1994- _98037 |
|
| 852 |
_aES-MaACL _jL-22843 _bR.128061 |
||
| 999 |
_c15892 _d15892 |
||